| 000 | 01274nam a2200313 a 4500 | ||
|---|---|---|---|
| 001 | 000016856 | ||
| 003 | DO-SdBPM | ||
| 005 | 20260602073154.0 | ||
| 007 | ta | ||
| 008 | 100311s2009 dr 001 0 spa d | ||
| 040 |
_aDO-SdBPM _bspa _cBPMSU _erda |
||
| 082 | 0 | 4 |
_a174.957 _b B615e 2009 _222 |
| 245 | 1 | 0 |
_aBioética en coordinación y trasplantes _c _b |
| 264 |
_a Santo Domingo : _b INCORT, _c2009 |
||
| 300 |
_a120 páginas ; _c23 cm. |
||
| 336 |
_atexto _btxt _2rdacontent |
||
| 337 |
_asin mediación _bn _2rdamedia |
||
| 338 |
_avolumen _bnc _2rdacarrier |
||
| 505 | 0 | _aGuías y recomendaciones de la OMS, -- Declaración de Estambul -- Documento de muerte encefálica del Vaticano -- Carta del Papa Benedicto XVI -- Recomendación REC-CIDT-2008 (1) consideraciones bioéticas sobre la donación y el trasplante de órganos tejidos y células. | |
| 590 | _aInventariado, 2026/VM | ||
| 650 | 7 |
_aEtica médica _x _z |
|
| 650 | 7 | _aAspectos éticos y morales | |
| 650 | 7 |
_aTrasplantes de órganos, tejidos, etc. _v _z |
|
| 650 | 7 |
_aTrasplantes de órganos, tejidos, etc. _zRepública Dominicana. |
|
| 710 | 2 | _a Instituto Nacional de Coordinación de trasplantes. | |
| 830 | 0 | _aFilosofía | |
| 910 | _aVMateo V. Control de calidad BPMSU | ||
| 942 |
_2ddc _cBK |
||
| 999 |
_c15892 _d15892 |
||